Alternative Metal - Meistgehörte Bands auf Spotify - Statistiken

Allgemein
  • Dieses Quiz wurde 27 mal gespielt
  • Das Durchschnittsergebnis liegt bei 6 aus 50
Antwortstatistiken
Nr Band Monatliche Hörer % Korrekt
1 Linkin Park 48,600,016
86%
10 Korn 11,711,228
62%
7 Slipknot 14,377,207
57%
2 System Of A Down 22,755,362
57%
5 Limp Bizkit 18,320,251
38%
4 Disturbed 19,731,355
33%
8 Deftones 13,410,962
29%
12 Avenged Sevenfold 10,033,503
24%
6 Papa Roach 14,593,200
24%
3 Evanescence 20,430,999
19%
24 TOOL 4,716,152
19%
11 Rage Against The Machine 11,049,316
14%
9 Audioslave 12,006,326
10%
16 Breaking Benjamin 7,058,482
10%
34 Faith No More 3,107,846
10%
40 Mudvayne 1,974,716
10%
15 Seether 7,236,989
10%
14 Shinedown 7,316,379
10%
18 Staind 6,639,248
10%
45 Static-X 1,655,150
10%
46 10 Years 1,460,803
5%
37 A Perfect Circle 2,248,751
5%
29 Bloodhound Gang 3,904,166
5%
28 Chevelle 4,325,039
5%
20 Drowning Pool 5,392,717
5%
22 Godsmack 4,990,525
5%
33 Halestorm 3,424,437
5%
21 Nine Inch Nails 5,058,557
5%
31 P.O.D. 3,730,068
5%
43 Pop Evil 1,738,335
5%
19 Rob Zombie 6,226,639
5%
39 The Pretty Reckless 2,030,046
5%
30 Alien Ant Farm 3,762,031
0%
41 Alter Bridge 1,942,054
0%
36 Buckcherry 2,526,146
0%
35 Danzig 2,729,738
0%
23 Daughtry 4,941,877
0%
27 Finger Eleven 4,404,421
0%
13 Incubus 9,514,542
0%
38 My Darkest Days 2,139,242
0%
50 Powerman 5000 1,130,868
0%
49 Primus 1,180,568
0%
44 Sepultura 1,723,844
0%
47 Serj Tankian 1,259,022
0%
42 SICK PUPPIES 1,865,213
0%
48 Sixx:A.M. 1,207,201
0%
26 Stone Sour 4,595,428
0%
25 Sugar Ray 4,601,445
0%
32 Theory of a Deadman 3,466,989
0%
17 Third Eye Blind 7,056,159
0%
Keine übereinstimmenden Quizze gefunden
Verteilung der Resultate
Anzahl Personen mit jedem Resultat
Perzentil nach korrekt beantworteten Fragen
Ihre Resultats-Entwicklung
Sie haben dieses Quiz noch nicht gespielt